LEADER 01510nam a2200277 i 4500 001 000000206130 003 CaOOAMICUS 005 20220329120246.0 008 110919s1621 it u000 u ita u 013 $a184880 026 $aelua r-di ree- prtr (3) 1621 (R) 040 $aSeMil$bita 100 1 $aPontano, Giacomo,$d<1542-1626>.$0(OLS)http://semarc/name/93883 245 10$aBrieve scelta de civili costumi estratti dal secondo volume de Dialogi latini. Del p. Giacomo Pontano della Compagnia di Giesu ... Nouamente a beneficio commune tradotti da Paolo Emilio Parlaschino. 260 $aIn Milano :$bAppresso Gio. Battista Bidelli,$c1621. 300 $a48 p. ;$c12°. 500 $aRilegato insieme a 1P-II-23, 24, 25 FA 500 $aMarca editoriale: Un gatto con un topo in bocca. In una cornice figurata. (O275). 500 $aSegn.: A-B12 700 1 $aParlaschini, Paolo Emilio.$0(OLS)http://semarc/name/74145 700 1 $aBidelli, Giovanni Battista$b<1,$cEditore,$d1610-1654>.$0(OLS)http://semarc/name/11300 850 $aSeMil 852 $aSeMil$W1$xVenegono$y1$m1P II 22 FA$j156613$B156613$CSeMilBibl$Z2$F167851 $8I 996 $6245$aBrieve scelta de civili costumi estratti dal secondo volume de Dialogi latini. Del p. Giacomo Pontano della Compagnia di Giesu ... Nouamente a beneficio commune tradotti da Paolo Emilio Parlaschino$9(OLS)http://semarc/title/298285 996 $6260$aIn Milano :$bAppresso Gio. Battista Bidelli$9(OLS)http://semarc/publisher/45974 LEADER 01131nam a2200241 i 4500 001 000000118988 003 CaOOAMICUS 005 20031014000000.0 008 031014s1990 it u000 u ita u 013 $a91681 040 $aSeMil$bita 100 1 $aPerrone, Pancrazio.$0(OLS)http://semarc/name/49632 245 10$aRaffaello Delle Nocche :$bvescovo di Tricarico, fondatore delle Suore Discepole di Gesł Eucaristico /$cPancrazio Perrone. 260 $aCinisello Balsamo :$bEdizioni Paoline,$ccopyr. 1990. 300 $a419 p., [16] p. di tav. ;$c21 cm. 500 $aContiene : Bibliografia. - Fondo Card. C.M. Martini. 600 14$aDelle Nocche, Raffaello .$0(OLS)http://semarc/subject/22244 850 $aSeMil 852 $aSeMil$W1$xVenegono$y1$m3J I 18$j74233$B74233$CSeMilBibl$Z2$F94488 $81 941 1 $a4 961 $aOmaggio: Martini Card. Carlo Maria 996 $6245$aRaffaello Delle Nocche :$bvescovo di Tricarico, fondatore delle Suore Discepole di Gesł Eucaristico$9(OLS)http://semarc/title/174813 996 $6260$aCinisello Balsamo :$bEdizioni Paoline$9(OLS)http://semarc/publisher/36103